000 01009cam a22003137a 4500
001 15582132
003 OSt
005 20240530110417.0
008 090102s2007 gw aeobf b 001 0 eng
020 _a9789774160745
020 _a9774160746
040 _aEG-CaGPL
_cEG-CaGPL
041 1 _aeng
_hfre
082 0 4 _221
_a726.8
_bCC/G A
100 0 _aGalila El Kadi
245 0 0 _aArchitecture for the dead :
_bCairo's medieval necropolis /
_cGalila EL Kadi , Alain Bonnamy
250 _a1st ed.
260 _aCairo :
_bThe American University in Cairo Press,
_c2007.
300 _a302 s. :
_bcol. ill., plans (some col.) ;
_c34 cm.
500 _aTyt. oryg.: La cité des morts.
500 _aIncludes indexes.
650 0 _aLandscape architecture
_vPictorial works.
650 0 _aPomniki nagrobne islamskie
_zEgipt
650 0 _aCmentarze muzułmańskie
_zEgipt
650 0 _aLandscape architecture
_vDesigns and plans.
700 1 _aBonnamy, Alain.
700 1 _aDresner, Philippe.
942 _2ddc
_cBK
999 _c60587
_d60587